LEADER 01319nam a2200313 i 4500 001 000000157963 003 CaOOAMICUS 005 20070124000000.0 008 070124s1984 it u000 u ita u 013 $a135326 020 $a88-06-05742-1 040 $aSeMil$bita 100 1 $aArnheim, Rudolf,$d<1904-2007>.$0(OLS)http://semarc/name/42753 240 14$aThe power of the center.$0(OLS)http://semarc/title/231753 245 13$aIl potere del centro :$bpsicologia della composizione nelle arti visive /$cRudolf Arnheim ; traduzione di Renato Pedio. 260 $aTorino :$bEinaudi,$ccopyr. 1984. 300 $aXXI, 286 p. :$bill. ;$c21 cm. 490 0 $aNodi ;$v6 500 $aFondo Ciprandi. 650 4$aArte - Psicologia.$0(OLS)http://semarc/subject/14612 700 1 $aPedio, Renato.$0(OLS)http://semarc/name/26215 830 0$aNodi ;$v6.$0(OLS)http://semarc/title/22648 850 $aSeMil 852 $aSeMil$W1$xVenegono$y1$m5M I 12$j109637$B109637$CSeMilBibl$Z2$F119251 $81 941 1 $a1 961 $aOmaggio: Ciprandi dott. Paolo 996 $6020$a88-06-05742-1$9(OLS)http://semarc/number/148391 996 $6245$aIl potere del centro :$bpsicologia della composizione nelle arti visive$9(OLS)http://semarc/title/231752 996 $6260$aTorino :$bEinaudi$9(OLS)http://semarc/publisher/29884 LEADER 01219nam a2200289 i 4500 001 000000193272 003 CaOOAMICUS 005 20150729000000.0 008 150729s1957 it u000 u ita u 013 $a171912 040 $aSeMil$bita 100 1 $aHauser, Henri <1866-1946>.$0(OLS)http://semarc/name/20678 245 12$aL'età del rinascimento e della riforma /$cH. Hauser, A. Renaudet. 260 $aTorino :$bEinaudi,$c1957. 300 $a701 p., [16] c. di tav. :$bill. ;$c22 cm. 500 $aFondo card. Giovanni Colombo. 650 4$aConcilio di Trento <1545-1563>.$0(OLS)http://semarc/subject/58 650 4$aRiforma protestante.$0(OLS)http://semarc/subject/4876 650 4$aRinascimento - Italia.$0(OLS)http://semarc/subject/2972 650 4$aControriforma.$0(OLS)http://semarc/subject/38740 700 1 $aRenaudet, Augustin.$0(OLS)http://semarc/name/20679 850 $aSeMil 852 $aSeMil$W1$xVenegono$y1$m3GC III 268$j143846$B143846$CSeMilBibl$Z2$F155327 $8B 941 1 $a3 961 $aLascito: Colombo Card. Giovanni 996 $6245$aL'età del rinascimento e della riforma$9(OLS)http://semarc/title/278627 996 $6260$aTorino :$bEinaudi$9(OLS)http://semarc/publisher/29884